[Event "X Festival Citta' di Varese"]
[Site "Varese ITA"]
[Date "2010.10.10"]
[Round "3"]
[White "Lanza, Francesco Paolo"]
[Black "Centofante, Maria Rosa"]
[Result "1-0"]
[WhiteElo "1693"]
[BlackElo "1619"]
[PlyCount "83"]
[EventDate "2010.10.09"]

1. e4 d5 2. exd5 Qxd5 3. Nc3 Qa5 4. d4 Nf6 5. Bc4 c6 6. Nge2 Bg4 7. f3 Bh5 8.
O-O e6 9. Nf4 Bd6 10. Nxh5 Qxh5 11. h3 O-O 12. Ne4 Nxe4 13. fxe4 Qxd1 14. Rxd1
Re8 15. d5 Bc5+ 16. Kh1 exd5 17. exd5 cxd5 18. Bxd5 Nc6 19. Bxc6 bxc6 20. Bf4
Re6 21. Rd2 Rae8 22. Rad1 h6 23. b3 Re2 24. c3 Rxd2 25. Rxd2 Re1+ 26. Kh2 Bg1+
27. Kg3 Be3 28. Rd3 Bxf4+ 29. Kxf4 Re2 30. a4 Rxg2 31. Rd6 Rb2 32. b4 Rf2+ 33.
Kg3 Rf6 34. Rxf6 gxf6 35. Kf4 Kg7 36. Kf5 a6 37. c4 h5 38. b5 axb5 39. axb5
cxb5 40. cxb5 h4 41. b6 Kh6 42. b7 1-0

[Event "X Festival Citta' di Varese"]
[Site "Varese ITA"]
[Date "2010.10.10"]
[Round "3"]
[White "Madaschi, Sergio"]
[Black "Guzzetti, Luigi Enrico"]
[Result "0-1"]
[WhiteElo "1587"]
[BlackElo "1878"]
[PlyCount "60"]
[EventDate "2010.10.09"]

1. e4 c5 2. Nf3 e6 3. d4 cxd4 4. Nxd4 a6 5. Bd3 Nc6 6. Be3 Nf6 7. Nc3 Qc7 8.
O-O Be7 9. f4 d6 10. a3 Bd7 11. Qf3 h5 12. h3 h4 13. Qf2 b5 14. Nf3 b4 15. axb4
Nxb4 16. Qe2 Nh5 17. Rfc1 Ng3 18. Qd2 Qb7 19. Bd4 Bc6 20. Re1 O-O 21. Bf2 f5
22. Bxg3 hxg3 23. Nd4 Qb6 24. Qe3 d5 25. Nxe6 Qxe3+ 26. Rxe3 Rf6 27. exf5 d4
28. Nxd4 Bc5 29. Nde2 Nxd3 30. cxd3 Rd8 0-1

[Event "X Festival Citta' di Varese"]
[Site "Varese ITA"]
[Date "2010.10.10"]
[Round "3"]
[White "Mazzarone, Maurizio"]
[Black "D'Aulisa, Francesco"]
[Result "1-0"]
[WhiteElo "1912"]
[BlackElo "1779"]
[PlyCount "47"]
[EventDate "2010.10.09"]

1. d4 e6 2. Nf3 h6 3. c4 d6 4. Nc3 Nd7 5. e4 Ne7 6. Bd3 b6 7. a4 a6 8. a5 Bb7
9. axb6 cxb6 10. O-O g5 11. Qb3 Rg8 12. Be3 Ng6 13. d5 e5 14. Na4 Nf4 15. Rfd1
Rb8 16. Bf1 Bc8 17. Rac1 Nc5 18. Nxc5 Bg4 19. Nxa6 Bxf3 20. Nxb8 Qxb8 21. gxf3
g4 22. Qxb6 gxf3+ 23. Kh1 Qxb6 24. Bxb6 1-0

[Event "X Festival Citta' di Varese"]
[Site "Varese ITA"]
[Date "2010.10.10"]
[Round "3"]
[White "Novi', Giuseppe"]
[Black "Cardani, Roberto"]
[Result "0-1"]
[WhiteElo "1826"]
[BlackElo "1961"]
[PlyCount "76"]
[EventDate "2010.10.09"]

1. d4 Nf6 2. c4 e6 3. Nf3 d5 4. cxd5 exd5 5. Nc3 c6 6. Bg5 Be7 7. h3 Nbd7 8. e3
O-O 9. Bd3 Re8 10. O-O a5 11. Rc1 Nf8 12. Na4 N8d7 13. Bb1 Ne4 14. Bxe7 Qxe7
15. Nc3 Nf8 16. Nxe4 dxe4 17. Ne5 f6 18. Ng4 h5 19. Nh2 Qf7 20. Rc5 g6 21. g4
Ne6 22. Rc3 Ng5 23. Kg2 Kh8 24. f4 exf3+ 25. Nxf3 Nxf3 26. Qxf3 hxg4 27. hxg4
Kg7 28. g5 f5 29. e4 Qe7 30. Qf4 fxe4 31. Rh1 Bf5 32. Rc5 Qf7 33. Re5 Bh3+ 34.
Rxh3 Qxf4 35. Rb3 Qg4+ 36. Kf2 Rf8+ 37. Ke1 Qg1+ 38. Kd2 Qxd4+ 0-1

[Event "X Festival Citta' di Varese"]
[Site "Varese ITA"]
[Date "2010.10.10"]
[Round "3"]
[White "Picchi, Arnaldo"]
[Black "Cervini, Gian Piero"]
[Result "1-0"]
[WhiteElo "1428"]
[BlackElo "1752"]
[PlyCount "67"]
[EventDate "2010.10.09"]

1. d4 Nf6 2. Nf3 g6 3. e3 Bg7 4. Bd3 c5 5. c3 cxd4 6. exd4 Nc6 7. O-O O-O 8.
Re1 d6 9. Nbd2 Qc7 10. Ne4 Nxe4 11. Rxe4 Bf5 12. Re1 Bxd3 13. Qxd3 Rae8 14. Be3
e5 15. Nd2 f5 16. f4 exd4 17. Bxd4 Nxd4 18. cxd4 d5 19. g3 Re7 20. Nf3 Rfe8 21.
Ne5 Qb6 22. Kh1 Rc8 23. b3 Rec7 24. Red1 Rc3 25. Qf1 R8c7 26. Qe1 Qb5 27. Rac1
Rc2 28. Rxc2 Rxc2 29. Rc1 Rxa2 30. Qc3 Qe2 31. Qc8+ Bf8 32. Qe6+ Kh8 33. Qf6+
Kg8 34. Qf7+ 1-0

[Event "X Festival Citta' di Varese"]
[Site "Varese ITA"]
[Date "2010.10.10"]
[Round "3"]
[White "Picchi, Luciano Enrico"]
[Black "Falchi, Claudio"]
[Result "0-1"]
[WhiteElo "1497"]
[BlackElo "1666"]
[PlyCount "74"]
[EventDate "2010.10.09"]

1. e4 e6 2. Nf3 d5 3. e5 c5 4. d4 cxd4 5. Nxd4 Nc6 6. Nf3 Nge7 7. Bd3 Qc7 8.
Qe2 Nb4 9. c3 Nxd3+ 10. Qxd3 Ng6 11. Qe2 Bd7 12. O-O Bc5 13. Nbd2 a6 14. Re1
Bb5 15. Qd1 Qb6 16. Nd4 Bxd4 17. cxd4 Qxd4 18. Nf3 Qxd1 19. Rxd1 Be2 20. Re1
Bxf3 21. gxf3 Rc8 22. Bd2 Kd7 23. Bc3 Rc4 24. Rad1 Rhc8 25. Kg2 Nh4+ 26. Kg3
Nf5+ 27. Kg2 Ne7 28. Kg3 Nc6 29. f4 Ne7 30. f3 Nf5+ 31. Kg4 Ra4 32. a3 Rcc4 33.
Bb4 Rc2 34. b3 Rxb4 35. axb4 Rxh2 36. Rh1 h5+ 37. Kg5 Rg2+ 0-1

[Event "X Festival Citta' di Varese"]
[Site "Varese ITA"]
[Date "2010.10.10"]
[Round "3"]
[White "Poletto, Daniele"]
[Black "Mondini, Francesco"]
[Result "1/2-1/2"]
[WhiteElo "1752"]
[BlackElo "1517"]
[PlyCount "48"]
[EventDate "2010.10.09"]

1. c4 g6 2. Nc3 e5 3. g3 Bg7 4. Bg2 Nf6 5. e4 d6 6. Nge2 Be6 7. d3 Nbd7 8. O-O
O-O 9. h3 Qc8 10. Kh2 h6 11. f4 exf4 12. Nxf4 Ne5 13. Nxe6 fxe6 14. Qe2 Nc6 15.
Be3 e5 16. Qd2 Rf7 17. Bxh6 Ng4+ 18. hxg4 Bxh6 19. g5 Rxf1 20. Rxf1 Bg7 21. Nd5
Qd8 22. Nf6+ Bxf6 23. gxf6 Kf7 24. Qh6 Qh8 1/2-1/2

[Event "X Festival Citta' di Varese"]
[Site "Varese ITA"]
[Date "2010.10.16"]
[Round "4"]
[White "Cardani, Roberto"]
[Black "Mazzarone, Maurizio"]
[Result "1-0"]
[WhiteElo "1961"]
[BlackElo "1912"]
[PlyCount "61"]
[EventDate "2010.10.09"]

1. e4 e6 2. d4 d5 3. Nc3 Bb4 4. e5 c5 5. a3 Ba5 6. b4 cxd4 7. Nb5 Bc7 8. f4 Bd7
9. Nxd4 Ne7 10. Ngf3 Nbc6 11. Bd3 Ng6 12. Be3 f6 13. f5 Nxd4 14. Nxd4 Bxe5 15.
fxg6 Qc7 16. Qd2 O-O-O 17. gxh7 Bxd4 18. Bxd4 e5 19. Bxa7 e4 20. Be2 Rxh7 21.
O-O-O Be6 22. Qd4 Rd6 23. Bc5 Rc6 24. Bb5 Qf4+ 25. Kb2 Rc7 26. Bb6 g5 27. Bxc7
Rxc7 28. Rhf1 Qxh2 29. Rxf6 Qd6 30. Rxe6 Qxe6 31. Qh8+ 1-0

[Event "X Festival Citta' di Varese"]
[Site "Varese ITA"]
[Date "2010.10.16"]
[Round "4"]
[White "Cervini, Gian Piero"]
[Black "Poletto, Daniele"]
[Result "0-1"]
[WhiteElo "1752"]
[BlackElo "1752"]
[PlyCount "108"]
[EventDate "2010.10.09"]

1. e4 c5 2. c3 Nf6 3. e5 Nd5 4. Nf3 Nc6 5. d4 cxd4 6. cxd4 d6 7. Bc4 Nb6 8. Bb3
dxe5 9. dxe5 Qxd1+ 10. Bxd1 g6 11. O-O Bg7 12. Re1 O-O 13. Bf4 h6 14. Nc3 a6
15. Bb3 Na5 16. Bc2 Nc6 17. Rad1 Be6 18. a3 Rad8 19. Ne4 Rxd1 20. Bxd1 Nc4 21.
Nc5 Nxb2 22. Nxb7 Nd3 23. Re4 Nxf4 24. Rxf4 Nxe5 25. Nc5 Nxf3+ 26. Bxf3 Rc8 27.
Nd3 Rc3 28. Be2 Rxa3 29. Nc5 Ra1+ 30. Bf1 Bd5 31. Ra4 Rxa4 32. Nxa4 a5 33. Nb6
Bc6 34. Bc4 Be5 35. Kf1 a4 36. Nd5 Bd6 37. Ke2 a3 38. g3 Bb5 39. Bxb5 a2 40.
Bd3 a1=Q 41. Ne3 Qb2+ 42. Kf3 f5 43. h4 e5 44. Kg2 Bc5 45. Nd1 Qd4 46. Be2 f4
47. gxf4 Qxf4 48. h5 gxh5 49. Kf1 h4 50. Kg2 Kg7 51. Kf1 e4 52. Ke1 h3 53. Kf1
Bxf2 54. Nxf2 e3 0-1

[Event "X Festival Citta' di Varese"]
[Site "Varese ITA"]
[Date "2010.10.16"]
[Round "4"]
[White "Cordiano, Franco"]
[Black "Lanza, Francesco Paolo"]
[Result "0-1"]
[WhiteElo "1209"]
[BlackElo "1693"]
[PlyCount "63"]
[EventDate "2010.10.09"]

1. h3 e5 2. e4 Nf6 3. Bd3 Nc6 4. a3 d5 5. Qe2 Bc5 6. b4 Nd4 7. Qd1 dxe4 8. Bc4
Bd6 9. c3 Be6 10. Bxe6 Nxe6 11. d3 exd3 12. Qxd3 Nf4 13. Bxf4 exf4 14. Qb5+ Nd7
15. Qxb7 O-O 16. Qf3 Re8+ 17. Ne2 Qe7 18. Kd1 Qe6 19. Nd4 Qf6 20. Re1 Nb6 21.
Rxe8+ Rxe8 22. Nd2 c5 23. Qc6 Rc8 24. Qb7 cxd4 25. Qxa7 Nd5 26. Rc1 Nxc3+ 27.
Rxc3 dxc3 28. Qb7 c2+ 29. Kc1 Qa1+ 30. Nb1 cxb1=Q+ 31. Kd2 Qd4+ 32. Ke2 0-1

[Event "X Festival Citta' di Varese"]
[Site "Varese ITA"]
[Date "2010.10.16"]
[Round "4"]
[White "Corti, Filippo"]
[Black "Picchi, Luciano Enrico"]
[Result "1/2-1/2"]
[WhiteElo "1706"]
[BlackElo "1497"]
[PlyCount "83"]
[EventDate "2010.10.09"]

1. Nf3 f5 2. e4 fxe4 3. Ng5 Nf6 4. d3 d6 5. Nc3 e5 6. Ngxe4 Nbd7 7. Bg5 g6 8.
Nd5 Bg7 9. Be2 c6 10. Nxd6+ Kf8 11. Nxf6 Nxf6 12. Ne4 Kf7 13. Qd2 b6 14. Qc3
Qc7 15. Bxf6 Bxf6 16. Nxf6 Kxf6 17. O-O Re8 18. f4 Kg7 19. Bf3 Bb7 20. Rae1 Kg8
21. fxe5 Re7 22. d4 Rd8 23. Qe3 Bc8 24. c3 Be6 25. a3 Rc8 26. b4 a5 27. bxa5
bxa5 28. Rb1 Bc4 29. Be2 Bxe2 30. Qxe2 c5 31. Qc4+ Kh8 32. Qxc5 Qxc5 33. dxc5
Rxe5 34. Rb7 Rexc5 35. Rff7 h5 36. Rh7+ Kg8 37. Rhg7+ Kf8 38. Rxg6 Rxc3 39.
Rf6+ Kg8 40. Rf3 R3c5 41. h3 Rg5 42. Rb2 1/2-1/2

[Event "X Festival Citta' di Varese"]
[Site "Varese ITA"]
[Date "2010.10.16"]
[Round "4"]
[White "D'Aulisa, Francesco"]
[Black "Della Rocca, Luigi"]
[Result "0-1"]
[WhiteElo "1779"]
[BlackElo "1767"]
[PlyCount "94"]
[EventDate "2010.10.09"]

1. e4 c5 2. f4 Nc6 3. Nf3 e6 4. Bc4 a6 5. O-O b5 6. Be2 Nf6 7. d3 d5 8. e5 Ng4
9. c3 Be7 10. h3 Nh6 11. Kh2 Bb7 12. g4 Qd7 13. d4 Ng8 14. Be3 c4 15. Qc2 f6
16. f5 O-O-O 17. b4 h5 18. fxe6 Qc7 19. g5 fxe5 20. Nxe5 Nxe5 21. Bf4 Bd6 22.
dxe5 Bxe5 23. Qf5 Bxf4+ 24. Qxf4 Qxf4+ 25. Rxf4 Ne7 26. Nd2 Rd6 27. Nf3 Rxe6
28. Nd4 Re3 29. Rf7 Nc6 30. Bf3 Rxc3 31. Bxd5 Nxd4 32. Bxb7+ Kb8 33. Bxa6 Ra3
34. Bb7 Nb3 35. Re1 Rxa2+ 36. Kg3 Rd2 37. Ree7 c3 38. Be4 h4+ 39. Kg4 Rd4 40.
Kf5 Rc4 41. Rb7+ Kc8 42. Rfd7 c2 43. Bxc2 Rxc2 44. Rxg7 Rc4 45. Ra7 Kb8 46.
Rab7+ Kc8 47. Ra7 Nd4+ 0-1

[Event "X Festival Citta' di Varese"]
[Site "Varese ITA"]
[Date "2010.10.16"]
[Round "4"]
[White "Falchi, Claudio"]
[Black "Novi', Giuseppe"]
[Result "1-0"]
[WhiteElo "1666"]
[BlackElo "1826"]
[PlyCount "55"]
[EventDate "2010.10.09"]

1. e4 e6 2. d4 d5 3. e5 c5 4. c3 Nc6 5. Nf3 Nge7 6. Na3 a6 7. Be2 Nf5 8. Nc2
Qb6 9. O-O Be7 10. Rb1 cxd4 11. cxd4 h6 12. Be3 O-O 13. g4 Nh4 14. Nxh4 Bxh4
15. Qd2 Qd8 16. Bd3 f5 17. gxf5 exf5 18. Kh1 Bg5 19. Bxg5 Qxg5 20. f4 Qh4 21.
Rg1 Be6 22. Rg3 Rac8 23. Rbg1 Rc7 24. Qg2 Qe7 25. Rh3 Kh8 26. Qg6 Bg8 27. Bxf5
Rxf5 28. Rxh6+ 1-0

[Event "X Festival Citta' di Varese"]
[Site "Varese ITA"]
[Date "2010.10.16"]
[Round "4"]
[White "Fantina, Carla"]
[Black "Lancianese, Giuseppe"]
[Result "1-0"]
[WhiteElo "1560"]
[BlackElo "1784"]
[PlyCount "53"]
[EventDate "2010.10.09"]

1. c4 e5 2. Nc3 Nf6 3. e4 d6 4. Nf3 Be7 5. d3 c6 6. g3 Bg4 7. h3 Bd7 8. Bg2 Na6
9. O-O Nc5 10. b4 Ne6 11. Rb1 O-O 12. d4 Qc7 13. d5 Nd8 14. Qd3 b6 15. Be3 Nh5
16. Rfc1 f5 17. dxc6 fxe4 18. Nxe4 Bxc6 19. b5 Bb7 20. a4 Ne6 21. Nfg5 Bxg5 22.
Bxg5 Bxe4 23. Bxe4 Nxg5 24. Bxa8 Qf7 25. Bd5 Ne6 26. Rf1 Qg6 27. Qxg6 1-0

[Event "X Festival Citta' di Varese"]
[Site "Varese ITA"]
[Date "2010.10.16"]
[Round "4"]
[White "Guzzetti, Luigi Enrico"]
[Black "Picchi, Arnaldo"]
[Result "1-0"]
[WhiteElo "1878"]
[BlackElo "1428"]
[PlyCount "129"]
[EventDate "2010.10.09"]

1. e4 e6 2. d4 b6 3. Bd3 d6 4. Nf3 h6 5. O-O Ne7 6. c4 Nd7 7. Nc3 a6 8. Re1 Bb7
9. Bf4 g5 10. Bg3 Bg7 11. Bc2 Rg8 12. Qd3 Ng6 13. Qe3 g4 14. Nd2 h5 15. f3 gxf3
16. Nxf3 h4 17. Bf4 Nxf4 18. Qxf4 h3 19. g3 Qe7 20. Rad1 O-O-O 21. Qe3 Nf6 22.
Qe2 Ng4 23. Bd3 Bh6 24. Ra1 Be3+ 25. Kf1 Qf6 26. Nd1 Nxh2+ 27. Qxh2 Qxf3+ 28.
Nf2 Rxg3 29. Be2 Qf4 30. Bh5 Rg2 31. Qxf4 Bxf4 32. Nxh3 Rdg8 33. Nxf4 R2g7 34.
Bf3 Rh8 35. Kf2 Kd7 36. Rh1 Rf8 37. Rhg1 Rxg1 38. Rxg1 Ke7 39. Ke3 Rh8 40. Rh1
Rg8 41. Rh7 Kf8 42. Bh5 Rg3+ 43. Kf2 Rg7 44. Rxg7 Kxg7 45. Ke3 a5 46. Bf3 Kf8
47. e5 Ba6 48. b3 Bc8 49. Nh3 Bd7 50. Ng5 Ke7 51. Bh5 f6 52. exf6+ Kxf6 53.
Ne4+ Ke7 54. Kf4 a4 55. b4 c6 56. a3 d5 57. cxd5 exd5 58. Nc3 b5 59. Ke5 Bc8
60. Ne2 Bh3 61. Nf4 Bd7 62. Bg6 Bc8 63. Bf5 Bxf5 64. Kxf5 Kd6 65. Ne6 1-0

[Event "X Festival Citta' di Varese"]
[Site "Varese ITA"]
[Date "2010.10.16"]
[Round "4"]
[White "Lipari, Alberto"]
[Black "Ambrosini, Andrea"]
[Result "0-1"]
[WhiteElo "1570"]
[BlackElo "1497"]
[PlyCount "130"]
[EventDate "2010.10.09"]

1. c4 e5 2. Nc3 Nf6 3. d3 d5 4. cxd5 Nxd5 5. Bd2 Bb4 6. a3 Bxc3 7. bxc3 c5 8.
e4 Nf6 9. Nf3 Bg4 10. Qa4+ Qd7 11. Qxd7+ Nbxd7 12. Be2 O-O 13. O-O h6 14. h3
Bxf3 15. Bxf3 Rad8 16. Rad1 Nb6 17. Be3 Na4 18. c4 b6 19. Rd2 a6 20. Rc1 Nd7
21. Bd1 b5 22. cxb5 axb5 23. Bxa4 bxa4 24. Bxc5 Rc8 25. Rdc2 Rfe8 26. Rc4 Re6
27. Bb4 Ra8 28. f3 Nf6 29. Rc8+ Re8 30. R8c5 Nh5 31. Bd2 Nf4 32. Bxf4 exf4 33.
h4 Red8 34. Rd1 Rac8 35. Rxc8 Rxc8 36. Ra1 Kf8 37. d4 Rc3 38. Ra2 Rd3 39. d5 f5
40. Kf2 fxe4 41. Re2 e3+ 42. Ke1 Rxa3 43. Rb2 Rb3 44. Ra2 a3 45. Ra1 Ke7 46.
Kd1 Kd6 47. Kc2 Rb2+ 48. Kc3 Rxg2 49. Rxa3 Kxd5 50. Ra4 Ke5 51. Ra5+ Kf6 52.
Ra4 g5 53. h5 Rg3 54. Ra6+ Ke5 55. Ra5+ Kd6 56. Ra6+ Kc5 57. Rxh6 Rxf3 58. Re6
Kd5 59. Re8 Rh3 60. Rh8 e2+ 61. Kd2 f3 62. h6 Rh1 63. Re8 Rxh6 64. Ke1 Rh1+ 65.
Kf2 Rf1+ 0-1

[Event "X Festival Citta' di Varese"]
[Site "Varese ITA"]
[Date "2010.10.16"]
[Round "4"]
[White "Mondini, Francesco"]
[Black "Madaschi, Sergio"]
[Result "1/2-1/2"]
[WhiteElo "1517"]
[BlackElo "1587"]
[PlyCount "89"]
[EventDate "2010.10.09"]

1. c4 e5 2. Nc3 Nf6 3. g3 Nc6 4. Bg2 Bb4 5. d3 O-O 6. a3 Bxc3+ 7. bxc3 d6 8. e3
Bd7 9. Ne2 Rb8 10. O-O Qe7 11. d4 e4 12. Nf4 Rfe8 13. Qe2 Bg4 14. f3 Bf5 15.
Nd5 Nxd5 16. cxd5 Na5 17. Qb5 b6 18. Bd2 exf3 19. Bxf3 Bc8 20. Rab1 a6 21. Qd3
b5 22. e4 Nc4 23. a4 Bd7 24. Bf4 f6 25. Rfe1 g5 26. Bd2 Nxd2 27. Qxd2 bxa4 28.
Qa2 Rb6 29. Rxb6 cxb6 30. Bh5 Rc8 31. e5 dxe5 32. d6+ Qe6 33. Qxe6+ Bxe6 34.
dxe5 a3 35. exf6 a2 36. f7+ Kf8 37. Kf2 Bxf7 38. Bxf7 Kxf7 39. Ra1 Ke6 40. Rxa2
Kxd6 41. Rxa6 Rc6 42. Ke2 h5 43. Kd3 Ke5 44. Ra4 Kf5 45. h3 1/2-1/2

[Event "X Festival Citta' di Varese"]
[Site "Varese ITA"]
[Date "2010.10.16"]
[Round "4"]
[White "Pepa, Syrja"]
[Black "Carbone, Lorenzo"]
[Result "0-1"]
[WhiteElo "1810"]
[BlackElo "1695"]
[PlyCount "54"]
[EventDate "2010.10.09"]

1. d4 d5 2. c4 e6 3. Nc3 Nf6 4. Bg5 Be7 5. e3 O-O 6. Nf3 Nbd7 7. Bd3 h6 8. Bh4
b6 9. O-O Bb7 10. Rc1 c5 11. b3 Rc8 12. Re1 Ne4 13. Bxe7 Qxe7 14. Bxe4 dxe4 15.
Nd2 f5 16. f3 Nf6 17. fxe4 fxe4 18. Rf1 Rcd8 19. Qc2 cxd4 20. exd4 Rxd4 21. Nb5
Rd3 22. Nxa7 Qc5+ 23. Kh1 Rfd8 24. Rfd1 Ng4 25. b4 Nf2+ 26. Kg1 Nh3+ 27. Kh1
Qg1+ 0-1

[Event "X Festival Citta' di Varese"]
[Site "Varese ITA"]
[Date "2010.10.17"]
[Round "5"]
[White "Ambrosini, Andrea"]
[Black "D'Aulisa, Francesco"]
[Result "1/2-1/2"]
[WhiteElo "1497"]
[BlackElo "1779"]
[PlyCount "141"]
[EventDate "2010.10.09"]

1. e4 d6 2. d4 e6 3. c4 Nd7 4. Nc3 b6 5. Nf3 h6 6. Bf4 Bb7 7. e5 a6 8. Bd3 g5
9. Bg3 Be7 10. Be4 Qc8 11. Qe2 h5 12. h3 Nh6 13. Bxb7 Qxb7 14. Qe4 Qxe4+ 15.
Nxe4 Nf5 16. Rd1 Nxg3 17. Nxg3 dxe5 18. Nxe5 Bb4+ 19. Ke2 Bd6 20. Nxd7 Kxd7 21.
Ne4 Be7 22. g4 Rad8 23. d5 exd5 24. Rxd5+ Kc8 25. Rxd8+ Kxd8 26. Rd1+ Kc8 27.
Rd5 hxg4 28. hxg4 Rh4 29. Kf3 Rh3+ 30. Kg2 Rh7 31. Kf3 f6 32. Rf5 Rh6 33. Rd5
c6 34. Rf5 Kd7 35. c5 b5 36. b4 Ke6 37. Ng3 Rh8 38. a3 Rd8 39. Ke2 Rd4 40. f3
a5 41. bxa5 Ra4 42. Ne4 Rxa3 43. Nd2 Rxa5 44. f4 Ra4 45. Kf3 Rd4 46. Ne4 gxf4
47. Kxf4 b4 48. Ke3 Rd5 49. Rf4 f5 50. gxf5+ Rxf5 51. Rxf5 Kxf5 52. Kd4 b3 53.
Nd2 Bf6+ 54. Kd3 b2 55. Kc2 Bd4 56. Nb3 Ke5 57. Nxd4 Kxd4 58. Kxb2 Kxc5 59. Kc3
Kd5 60. Kd3 c5 61. Kc3 c4 62. Kc2 Kd4 63. Kd2 c3+ 64. Kc2 Kc4 65. Kc1 Kd3 66.
Kd1 Ke3 67. Kc2 Kd4 68. Kc1 Kc4 69. Kc2 Kb4 70. Kc1 Kb3 71. Kb1 1/2-1/2

[Event "X Festival Citta' di Varese"]
[Site "Varese ITA"]
[Date "2010.10.17"]
[Round "5"]
[White "Carbone, Lorenzo"]
[Black "Guzzetti, Luigi Enrico"]
[Result "0-1"]
[WhiteElo "1695"]
[BlackElo "1878"]
[PlyCount "100"]
[EventDate "2010.10.09"]

1. e4 c5 2. Nf3 e6 3. d4 cxd4 4. Nxd4 a6 5. c4 Nf6 6. Nc3 Qc7 7. Be3 Nc6 8. Nb3
Bb4 9. Nd2 O-O 10. Be2 Bxc3 11. bxc3 d5 12. exd5 exd5 13. O-O Be6 14. Rb1 dxc4
15. Nxc4 Nd5 16. Qc1 b5 17. Na3 Nxe3 18. Qxe3 Bxa2 19. Rb2 Be6 20. Rd2 Rfe8 21.
Qc5 Rac8 22. Qh5 Ne7 23. Rd3 Qc5 24. Ra1 Qxh5 25. Bxh5 Nd5 26. Bf3 Rxc3 27.
Rxc3 Nxc3 28. Nc2 Na4 29. Nd4 Bc4 30. Bb7 Nc5 31. Bc6 Rd8 32. Nf5 g6 33. Ne3
Rd6 34. Bf3 Nb3 35. Re1 a5 36. h4 a4 37. Nc2 Rd2 38. Na3 Ra2 39. Nxc4 bxc4 40.
Re8+ Kg7 41. Rc8 Nd2 42. Bd5 Ra1+ 43. Kh2 a3 44. Rc7 a2 45. Rxf7+ Kh6 46. Ra7
g5 47. Ra6+ Kg7 48. hxg5 c3 49. f4 c2 50. f5 Rh1+ 0-1

[Event "X Festival Citta' di Varese"]
[Site "Varese ITA"]
[Date "2010.10.17"]
[Round "5"]
[White "Centofante, Maria Rosa"]
[Black "Corti, Filippo"]
[Result "0-1"]
[WhiteElo "1619"]
[BlackElo "1706"]
[PlyCount "72"]
[EventDate "2010.10.09"]

1. d4 Nf6 2. Nf3 g6 3. c4 Bg7 4. Nc3 d6 5. e4 O-O 6. h3 Nbd7 7. Bd3 e5 8. d5
Nc5 9. Be3 Nfd7 10. Bc2 a5 11. Qd2 f5 12. Bh6 f4 13. Bxg7 Kxg7 14. h4 Nf6 15.
Ng5 h6 16. Nf3 b6 17. Nh2 Ba6 18. b3 Qd7 19. f3 Nh5 20. Ng4 Ng3 21. Rh3 Rh8 22.
O-O-O h5 23. Nh2 b5 24. cxb5 Bxb5 25. a4 Ba6 26. Re1 Rab8 27. Qd1 Rb7 28. Ne2
Nxe2+ 29. Rxe2 Bxe2 30. Qxe2 Nxb3+ 31. Bxb3 Rxb3 32. Qa2 Rhb8 33. Nf1 R3b4 34.
Nd2 Rxa4 35. Qc2 Ra1+ 36. Nb1 Raxb1+ 0-1

[Event "X Festival Citta' di Varese"]
[Site "Varese ITA"]
[Date "2010.10.17"]
[Round "5"]
[White "Della Rocca, Luigi"]
[Black "Cardani, Roberto"]
[Result "1-0"]
[WhiteElo "1767"]
[BlackElo "1961"]
[PlyCount "99"]
[EventDate "2010.10.09"]

1. e4 c5 2. Nc3 Nc6 3. g3 g6 4. Bg2 Bg7 5. Nge2 d6 6. O-O e6 7. d3 Rb8 8. Be3
Nd4 9. Rb1 Ne7 10. b4 Nxe2+ 11. Nxe2 cxb4 12. Rxb4 Nc6 13. Rb3 b6 14. Qd2 O-O
15. Bh6 Bb7 16. Bxg7 Kxg7 17. f4 Ne7 18. c4 f5 19. a4 Nc6 20. Qb2+ Qf6 21.
Qxf6+ Kxf6 22. Nc3 Na5 23. Rb2 fxe4 24. Bxe4 Bxe4 25. Nxe4+ Ke7 26. Re1 h6 27.
Nc3 Kd7 28. Rbe2 Rbe8 29. Nb5 Nb7 30. d4 a6 31. Na3 Na5 32. Kg2 Nc6 33. Rd1 Rf5
34. Rc2 Ra5 35. c5 b5 36. axb5 axb5 37. Nb1 b4 38. Rb2 Rea8 39. cxd6 Ra2 40.
Rdd2 Rxb2 41. Rxb2 Kxd6 42. Nd2 Kd5 43. Nf3 Kc4 44. Kf2 Kc3 45. Rb1 b3 46. Rc1+
Kb4 47. Rxc6 Ra2+ 48. Ke3 b2 49. Nd2 Ra3+ 50. Ke2 1-0

[Event "X Festival Citta' di Varese"]
[Site "Varese ITA"]
[Date "2010.10.17"]
[Round "5"]
[White "Lancianese, Giuseppe"]
[Black "Cordiano, Franco"]
[Result "1-0"]
[WhiteElo "1784"]
[BlackElo "1209"]
[PlyCount "41"]
[EventDate "2010.10.09"]

1. e4 e5 2. Nf3 Bd6 3. Bc4 h6 4. Nc3 a6 5. d4 f6 6. dxe5 fxe5 7. Nxe5 Bxe5 8.
Qh5+ Ke7 9. Qxe5+ Kf8 10. Nd5 Nc6 11. Qh5 d6 12. O-O Be6 13. f4 b5 14. Bb3 Nd4
15. f5 Nxb3 16. fxe6+ Qf6 17. e7+ Nxe7 18. Nxf6 Nd4 19. Nd7+ Kg8 20. Qf7+ Kh7
21. Nf6# 1-0

[Event "X Festival Citta' di Varese"]
[Site "Varese ITA"]
[Date "2010.10.17"]
[Round "5"]
[White "Lanza, Francesco Paolo"]
[Black "Pepa, Syrja"]
[Result "1/2-1/2"]
[WhiteElo "1693"]
[BlackElo "1810"]
[PlyCount "152"]
[EventDate "2010.10.09"]

1. e4 c5 2. Nf3 Nc6 3. d4 cxd4 4. Nxd4 Nf6 5. Nc3 e6 6. Bg5 Be7 7. Nxc6 dxc6 8.
Qxd8+ Bxd8 9. O-O-O O-O 10. e5 Nd5 11. Bxd8 Rxd8 12. Ne4 Bd7 13. Nc5 Rab8 14.
Nxd7 Rxd7 15. c4 Nb6 16. Rxd7 Nxd7 17. f4 Kf8 18. g3 Ke7 19. Bg2 f6 20. exf6+
gxf6 21. Re1 f5 22. Kc2 Nf6 23. Bf3 h5 24. Re2 Rg8 25. Kd3 Rd8+ 26. Kc3 Rd1 27.
Rxe6+ Kxe6 28. Bxd1 c5 29. Kd3 b6 30. a3 a5 31. Bf3 Kd6 32. Kc3 Ke6 33. b4
axb4+ 34. axb4 Kd6 35. bxc5+ bxc5 36. Bd1 Ne4+ 37. Kd3 Nf6 38. Ke3 Ke6 39. Kf3
Ne4 40. Kg2 Nd2 41. Be2 Kf6 42. Kf2 Kg6 43. Ke3 Nb3 44. Bf3 Nd4 45. Bd5 h4 46.
Kf2 hxg3+ 47. hxg3 Kh5 48. Bf3+ Kg6 49. g4 fxg4 50. Bxg4 Kf6 51. Ke3 Nc6 52.
Ke4 Ne7 53. Bh3 Ng6 54. Bd7 Ke7 55. f5 Nf8 56. Bc8 Kd6 57. f6 Ng6 58. Kf5 Ne5
59. Be6 Nc6 60. Bd5 Ne5 61. f7 Nd7 62. Kg6 Ke7 63. Kg7 Nf8 64. Kg8 Nd7 65. Kg7
Nf8 66. Kh6 Kf6 67. Kh5 Kf5 68. Kh6 Kf6 69. Kh5 Kf5 70. Kh4 Kf4 71. Kh3 Kf5 72.
Kg3 Kg5 73. Kf3 Kf5 74. Ke3 Ke5 75. Kd3 Kd6 76. Kc3 Kc7 1/2-1/2

[Event "X Festival Citta' di Varese"]
[Site "Varese ITA"]
[Date "2010.10.17"]
[Round "5"]
[White "Madaschi, Sergio"]
[Black "Fantina, Carla"]
[Result "1-0"]
[WhiteElo "1587"]
[BlackElo "1560"]
[PlyCount "71"]
[EventDate "2010.10.09"]

1. e4 d6 2. d4 Nf6 3. Nc3 g6 4. f4 Bg7 5. Nf3 O-O 6. Be2 c6 7. O-O b5 8. a3 a5
9. e5 dxe5 10. fxe5 Nd5 11. Nxd5 Qxd5 12. Be3 Nd7 13. Qd2 Nb6 14. b3 a4 15. Qb4
axb3 16. cxb3 Qd7 17. Qd2 Nd5 18. Bf2 f5 19. exf6 Nxf6 20. Ne5 Qe6 21. Qc2 Bb7
22. Bf3 Rac8 23. Nd3 Nd5 24. Nc5 Ne3 25. Bxe3 Qxe3+ 26. Kh1 Ba8 27. Rac1 Qh6
28. Ne6 Rf6 29. Qc5 Rf7 30. Bd5 Rxf1+ 31. Rxf1 Kh8 32. Nxg7 Qxg7 33. Rf7 Qh6
34. Be6 Rf8 35. Qe5+ Kg8 36. Rf3+ 1-0

[Event "X Festival Citta' di Varese"]
[Site "Varese ITA"]
[Date "2010.10.17"]
[Round "5"]
[White "Mazzarone, Maurizio"]
[Black "Falchi, Claudio"]
[Result "1-0"]
[WhiteElo "1912"]
[BlackElo "1666"]
[PlyCount "95"]
[EventDate "2010.10.09"]

1. d4 e6 2. Nf3 Nf6 3. Bf4 b6 4. e3 Bb7 5. Nbd2 d6 6. h3 Be7 7. Bd3 O-O 8. O-O
c5 9. c3 d5 10. Ne5 Nbd7 11. Ndf3 Bd6 12. Nxf7 Rxf7 13. Bxd6 Ne4 14. Bh2 Qe7
15. Ne5 Nxe5 16. Bxe5 Raf8 17. Bxe4 dxe4 18. dxc5 Rd8 19. Qa4 Qxc5 20. Bg3 Bc6
21. Qc2 Bb5 22. Rfd1 Bd3 23. Qb3 Qd5 24. Qb4 Rc8 25. Rd2 Qc6 26. Rad1 Rd7 27.
f3 Rd5 28. Qe7 Rd7 29. Qg5 Rd6 30. Qg4 Bc2 31. Rd5 exd5 32. Rxd5 exf3 33. Rxd6
Qe8 34. Qxf3 Be4 35. Qg4 Bg6 36. Be5 Rc6 37. Rd7 a6 38. Rb7 Qe6 39. Qg5 Qe8 40.
Re7 Qf8 41. Rxg7+ Qxg7 42. Bxg7 Kxg7 43. Qe5+ Rf6 44. e4 a5 45. g4 Kf7 46. Qc7+
Ke6 47. e5 Rf7 48. Qd6# 1-0